| 000 | 00515nam a2200169 i 4500 | ||
|---|---|---|---|
| 020 | _a0155604155 | ||
| 082 | 0 | 0 |
_a512.904 _bJAM _cL-1;P-24 |
| 100 | 1 |
_aJamison, Ronald D. _939151 |
|
| 245 | 1 | 0 |
_aModern college algebra : _bwith applications / _cRonald D. Jamison. |
| 260 |
_aNew York : _bHarcourt Brace Jovanovich, _cc1976. |
||
| 300 |
_ax, 462 p. : _bill. ; _c25 cm. |
||
| 500 | _aIncludes index. | ||
| 526 |
_a0 _b0 _c0 _d512_904000000000000_JAM |
||
| 650 | 0 |
_aAlgebra. _98509 |
|
| 650 | 0 |
_aMCE _9379 |
|
| 942 |
_2ddc _cBK |
||
| 999 |
_c543685 _d543685 |
||